Lectures on modern mathematics
Αποθηκεύτηκε σε:
| Άλλοι συγγραφείς: | |
|---|---|
| Μορφή: | Βιβλίο |
| Γλώσσα: | English |
| Δημοσίευση: |
New York :
John Wiley & Sons,
c1963-c1965
|
| Θέματα: | |
| Ετικέτες: |
Προσθήκη ετικέτας
Δεν υπάρχουν, Καταχωρήστε ετικέτα πρώτοι!
|
MARC
| LEADER | 00000cam a2200000 i 4500 | ||
|---|---|---|---|
| 001 | 1/9576 | ||
| 008 | 100720m19631965 eng d | ||
| 035 | |l 10108692 | ||
| 040 | |a GR-MY-UA |b gre |e aacr | ||
| 041 | 0 | |a eng | |
| 082 | 0 | |a 510 |2 (22) | |
| 245 | 1 | 0 | |a Lectures on modern mathematics / |c edited by T. L. Saaty |
| 260 | |a New York : |b John Wiley & Sons, |c c1963-c1965 | ||
| 300 | |a 3 τ.; |b εικ.; |c 22 εκ. | ||
| 504 | |a Περιέχουν βιβλιογραφικές αναφορές | ||
| 650 | 0 | 0 | |a Mathematics. |
| 700 | 1 | |a Saaty, Thomas L. |4 edt | |
| 852 | |a INST |b SAMOS |c MAG |e 20100720 |h 510 LEC |p 005300031438 |q 005300031438 |t BK |v τ.3: |y 0 |z τ.3 | ||
| 852 | |a INST |b SAMOS |c MAG |e 20100720 |h 510 LEC |p 005300031439 |q 005300031439 |t BK |v τ.2: |y 0 |z τ.2 | ||
| 852 | |a INST |b SAMOS |c MAG |e 20100720 |h 510 LEC |p 005300031440 |q 005300031440 |t BK |v τ.1: |y 0 |z τ.1 | ||
| 853 | |a INST |b SAMOS |c MAG |h 510 LEC | ||
| 901 | |a BIBL3-2010-2 | ||
| 909 | |a Σ |b 165904 | ||
| 909 | |a Σ |b 165905 | ||
| 909 | |a Σ |b 165906 | ||
| 970 | |a ΣΙΤΖΙΜΗ |b ΓΙΑΣΕΜΗ |z 2010/07/20 | ||